| 000 | 00602nam a2200253Ia 4500 | ||
|---|---|---|---|
| 008 | 170711s9999 xx 000 0 und d | ||
| 020 | _a9710868578 | ||
| 050 | _a162 | ||
| 050 | _bAg259 2007 | ||
| 100 | _aAgapay, Ramon | ||
| 245 | _aLogic : | ||
| 245 | _bthe essentials of deductive reasoning / | ||
| 245 | _cby Ramon Agapay. | ||
| 250 | _aSecond edition. | ||
| 260 | _aPhilippines : | ||
| 260 | _bNational Book Store, | ||
| 260 | _c2007 | ||
| 300 | _a179 pages : | ||
| 300 | _billustrations ; | ||
| 300 | _c22cm. | ||
| 650 | _aDeduction. | ||
| 650 | _aLogic. | ||
| 700 | _aTitle. | ||
| 999 |
_c339616 _d339616 |
||